000 00266nam a22001097a 4500
999 _c4835
_d4835
008 250325b ||||| |||| 00| 0 eng d
082 _a823.92 THO
100 _aTHOMAS,VALERIE
245 _aWILBUR'S BOOK OF FEELINGS
260 _bOXFORD UNIVERSITY PRESS
942 _2ddc